00629nam a22001817a 450000500170000001000200001702000260003702000230006303500130008603700130009908200080011210000270012024501090014726000460025627000660030230000280036850000510039620161020120835.0 a ENG-116240  a9780199464807c995.00 a0199464804c995.00 aEN-99772 bDBAD/PUB a325 a Gollerkeri,Gurucharan aMigration matters : bmobility in a globalizing world /cby Gurucharan Gollerkeri [and] Natasha Chhabra aNew Delhi bOxford University Pressc2016 aYMCA Library Building, 1 Jai Singh Road, bNew Delhi e110001 axxviii,329p. c22cm(Hb) aIncludes bibliographical references and index